Διοίκηση και επιχειρηματικότητα στην προσχολική εκπαίδευση και το φαινόμενο της γυάλινης οροφής : διπλωματική εργασία [μεταπτυχιακή εργασία]
Αποθηκεύτηκε σε:
| Κύριος συγγραφέας: | |
|---|---|
| Συγγραφή απο Οργανισμό/Αρχή: | |
| Άλλοι συγγραφείς: | |
| Μορφή: | Thesis Βιβλίο |
| Γλώσσα: | Greek |
| Δημοσίευση: |
2014
|
| Θέματα: | |
| Διαθέσιμο Online: | http://hdl.handle.net/11610/14010 |
| Ετικέτες: |
Προσθήκη ετικέτας
Δεν υπάρχουν, Καταχωρήστε ετικέτα πρώτοι!
|
MARC
| LEADER | 00000cam a2200000 i 4500 | ||
|---|---|---|---|
| 001 | 1/58983 | ||
| 008 | 141104s2014 gre d | ||
| 035 | |l 10119617 | ||
| 040 | |a GR-MY-UA |b gre |e aacr | ||
| 041 | 0 | |a gre | |
| 082 | 0 | |a 371.2 |2 (22) | |
| 100 | 1 | |a Καρούντζου, Γεωργία. | |
| 245 | 1 | 0 | |a Διοίκηση και επιχειρηματικότητα στην προσχολική εκπαίδευση και το φαινόμενο της γυάλινης οροφής : |b διπλωματική εργασία [μεταπτυχιακή εργασία] / |c Γεωργία Καρούντζου ; επιβλέπουσα: Περσεφόνη Φώκιαλη |
| 260 | |c 2014 | ||
| 300 | |a 74 σ.; |c 30 εκ. | ||
| 500 | |a Μέλη εξεταστικής επιτροπής: Χρυσή Βιτσιλάκη, Ελένη Ταρατόρη | ||
| 502 | |a Διατριβή (μεταπτυχιακή) – Πανεπιστήμιο Αιγαίου, Ρόδος, 2014. | ||
| 504 | |a Βιβλιογραφία: σ. 69-74 | ||
| 650 | 0 | 0 | |a School management and organization. |
| 650 | 0 | 0 | |a Education, Preschool. |
| 650 | 0 | 0 | |a Teachers |x Attitudes. |
| 650 | 0 | 0 | |a Kindergarten teachers. |
| 650 | 0 | 0 | |a School administrators. |
| 650 | 0 | 0 | |a Dissertations, Academic |z Greece. |
| 700 | 1 | |a Φώκιαλη, Περσεφόνη. |4 ths | |
| 710 | 1 | |a Πανεπιστήμιο Αιγαίου |b Σχολή Ανθρωπιστικών Επιστημών |b Τμήμα Επιστημών της Προσχολικής Αγωγής και του Εκπαιδευτικού Σχεδιασμού |b Πρόγραμμα Μεταπτυχιακών Σπουδών Φύλο και Νέα Εκπαιδευτικά και Εργασιακά Περιβάλλοντα στην Κοινωνία της Πληροφορίας. | |
| 852 | |a INST |b RHODES |c DIATR |e 20141104 |h 371.2 ΚΑΡ |p 005400037217 |q 005400037217 |t MTXE |y 23 | ||
| 852 | |a INST |b RHODES |c DIATR |e 20141104 |h 371.2 ΚΑΡ |p 005400037218 |q 005400037218 |t MTXE |y 23 | ||
| 856 | |u http://hdl.handle.net/11610/14010 | ||
| 901 | |a BIBL4-2014-3 | ||
| 909 | |a Ρ |b 183537 | ||
| 909 | |a Ρ |b 183538 | ||
| 924 | |a ΚΑΡΟΥΝΤΖΟΥ |b ΓΕΩΡΓΙΑ |y ΡΟΔΟΣ |z 2014-06 | ||
| 970 | |z 2014/11/04 | ||